BPMN Pocket reference: a practical guide to the International Business Model and notation standard, BPMN Version 2.0

Uloženo v:
Podrobná bibliografie
Hlavní autor: Sherry, Kenneth J (Autor)
Médium: Kniha
Jazyk:angličtina
Vydáno: Lexington Admaks Publishing 2012
Vydání:1a. ed
Témata:
Tagy: Přidat tag
Žádné tagy, Buďte první, kdo vytvoří štítek k tomuto záznamu!

MARC

LEADER 00000cam a2200000 a 4500
001 UCF2744
003 CL-VaPUC
008 120910e20120000US |||||||||||||||||eng|d
020 |a 9781470067830 
082 0 4 |a 658.5  |b SHE  |2 21 
100 0 |a Sherry, Kenneth J  |e author  |9 564514 
245 1 0 |a BPMN Pocket reference: a practical guide to the International Business Model and notation standard, BPMN Version 2.0 
250 |a 1a. ed 
300 |a 126 p 
942 |c BK 
945 |d 20120910 00:00:00  |a cmena 
260 |a Lexington  |b Admaks Publishing  |c 2012 
650 0 |a Gestión de la producción   |9 259467 
650 0 |a Planificación estratégica   |9 259735 
650 0 |a Toma de decisiones   |9 257530 
650 0 |a Modelos matemáticos   |9 259437 
583 |a last modification  |c 20120910 11:39:00  |k Rodrigo Vera 
999 |c 349283  |d 349281 
952 |0 0  |1 0  |4 0  |6 658_500000000000000_SHE_2012  |7 0  |8 F  |9 451851  |a BIBING  |b BIBING  |d 2019-11-22  |i 4901711  |o 658.5 SHE 2012  |p 4901711  |r 2025-01-20  |w 2019-11-22  |y BK_F  |k EII